[Event "Lloyds Bank Masters 17th"]
[Site "London"]
[Date "1993.08.22"]
[Round "2"]
[White "Barua, Dibyendu"]
[Black "Marusenko, Petr"]
[Result "1/2-1/2"]
[WhiteElo "2510"]
[BlackElo "2370"]
[PlyCount "43"]
[EventDate "1993.08.21"]
[EventType "swiss"]
[EventRounds "10"]
[EventCountry "ENG"]

1. e4 c6 2. d4 d5 3. exd5 cxd5 4. Bd3 Nc6 5. c3 Nf6 6. Nf3 g6 7. O-O Bg7 8. Re1
O-O 9. Nbd2 Bg4 10. Nf1 Qc7 11. Bg5 e5 12. dxe5 Nxe5 13. Be2 Nxf3+ 14. Bxf3
Bxf3 15. Qxf3 Qb6 16. Bxf6 Bxf6 17. Ne3 Bg7 18. Rab1 d4 19. Nd5 Qa5 20. cxd4
Bxd4 21. Qe4 Rad8 22. Qxd4 1/2-1/2

[Event "Lloyds Bank Masters 17th"]
[Site "London"]
[Date "1993.08.22"]
[Round "2"]
[White "Rahal, Michael A"]
[Black "Har Zvi, Ronen"]
[Result "1-0"]
[WhiteElo "2310"]
[BlackElo "2505"]
[PlyCount "40"]
[EventDate "1993.08.21"]
[EventType "swiss"]
[EventRounds "10"]
[EventCountry "ENG"]

1. e4 c5 2. Nf3 d6 3. d4 cxd4 4. Nxd4 Nf6 5. Nc3 a6 6. Be3 e6 7. Qd2 Be7 8. f3
Nc6 9. g4 O-O 10. O-O-O Nd7 11. h4 Nxd4 12. Bxd4 b5 13. g5 b4 14. Na4 a5 15. b3
Qc7 16. h5 Nc5 17. g6 Nxa4 18. h6 fxg6 19. hxg7 Nc3 20. Rxh7 Kxh7 1-0

[Event "Lloyds Bank Masters 17th"]
[Site "London"]
[Date "1993.08.22"]
[Round "2"]
[White "Gallagher, Joseph G"]
[Black "Ledger, Andrew"]
[Result "1/2-1/2"]
[WhiteElo "2515"]
[BlackElo "2375"]
[PlyCount "33"]
[EventDate "1993.08.21"]
[EventType "swiss"]
[EventRounds "10"]
[EventCountry "ENG"]

1. e4 e6 2. d4 d5 3. Nc3 dxe4 4. Nxe4 Bd7 5. Nf3 Bc6 6. Bd3 Nd7 7. O-O Ngf6 8.
Ng3 Be7 9. Re1 O-O 10. c4 Bb4 11. Rf1 Be7 12. Ne5 Nxe5 13. dxe5 Nd7 14. Bf4 Nc5
15. Bc2 Qxd1 16. Raxd1 Rfd8 17. b3 1/2-1/2

[Event "Lloyds Bank Masters 17th"]
[Site "London"]
[Date "1993.08.22"]
[Round "2"]
[White "Watson, William N"]
[Black "McDonald, Neil R"]
[Result "1/2-1/2"]
[WhiteElo "2550"]
[BlackElo "2395"]
[PlyCount "31"]
[EventDate "1993.08.21"]
[EventType "swiss"]
[EventRounds "10"]
[EventCountry "ENG"]

1. e4 e6 2. d4 d5 3. Nd2 Nf6 4. e5 Nfd7 5. f4 c5 6. c3 Nc6 7. Ngf3 Be7 8. Bd3
cxd4 9. Nxd4 Nxd4 10. cxd4 O-O 11. O-O f5 12. Nb1 Qb6 13. Be2 Nb8 14. Nc3 Bd7
15. Rb1 Nc6 16. Be3 1/2-1/2

[Event "Lloyds Bank Masters 17th"]
[Site "London"]
[Date "1993.08.22"]
[Round "2"]
[White "Gokhale, Anupama"]
[Black "Corkett, Anthony"]
[Result "1/2-1/2"]
[WhiteElo "2200"]
[BlackElo "2315"]
[PlyCount "71"]
[EventDate "1993.08.21"]
[EventType "swiss"]
[EventRounds "10"]
[EventCountry "ENG"]

1. d4 d5 2. c4 c6 3. cxd5 cxd5 4. Nc3 Nf6 5. Nf3 g6 6. Bf4 Bg7 7. e3 O-O 8. Be2
Nc6 9. Ne5 Be6 10. O-O Nxe5 11. Bxe5 Rc8 12. Rc1 Nd7 13. Bg3 Qa5 14. Qb3 Nb6
15. a4 Bf6 16. Qb5 Qxb5 17. Nxb5 a6 18. a5 Nc4 19. Bxc4 Rxc4 20. Rxc4 dxc4 21.
Nc7 Rc8 22. Rc1 h5 23. h3 g5 24. d5 Bf5 25. Rxc4 Bxb2 26. e4 Bd7 27. Rb4 Bc3
28. Rxb7 h4 29. Bh2 Bxa5 30. Kf1 Bxc7 31. Bxc7 Bb5+ 32. Ke1 f6 33. g3 hxg3 34.
fxg3 Kf7 35. Kf2 Re8 36. h4 1/2-1/2

[Event "Lloyds Bank Masters 17th"]
[Site "London"]
[Date "1993.08.23"]
[Round "3"]
[White "Asanov, Bolat"]
[Black "Hinks-Edwards, Thomas"]
[Result "1-0"]
[WhiteElo "2385"]
[BlackElo "2205"]
[PlyCount "207"]
[EventDate "1993.08.21"]
[EventType "swiss"]
[EventRounds "10"]
[EventCountry "ENG"]

1. Nf3 Nf6 2. g3 d5 3. Bg2 Bg4 4. O-O Nbd7 5. c4 c6 6. d3 e5 7. cxd5 cxd5 8.
Qa4 Bd6 9. Nc3 Be6 10. Ng5 h6 11. Nxe6 fxe6 12. Bh3 Qe7 13. Nb5 Kf7 14. Nxd6+
Qxd6 15. d4 Qc6 16. Qd1 e4 17. f3 exf3 18. exf3 Rhe8 19. Be3 Rac8 20. Rf2 Qb6
21. Re2 Rc6 22. Qd3 Qa6 23. Qxa6 Rxa6 24. Rc2 Ke7 25. Rc7 Rb6 26. b3 Rd8 27.
Rac1 Ne8 28. R7c2 Nd6 29. Bd2 Rf8 30. Re1 Rf6 31. Kg2 Rc6 32. Rxc6 bxc6 33. Bb4
Nb6 34. Bg4 Kd7 35. h4 Nf5 36. Bc5 Nc8 37. f4 Nfd6 38. Bf3 Nb7 39. Bb4 Ncd6 40.
Kh3 Nb5 41. Rd1 Nc7 42. Be2 Nd6 43. Bc5 Nc8 44. Bd3 Ne8 45. Rf1 h5 46. f5 Ned6
47. fxe6+ Kxe6 48. Re1+ Kf7 49. Kg2 Nb7 50. Bb4 Nbd6 51. a4 Ne7 52. Bc5 Ndc8
53. Ba6 Re6 54. Rf1+ Rf6 55. Rc1 Ke8 56. a5 Kd7 57. b4 Ke8 58. b5 cxb5 59.
Bxb5+ Kd8 60. Re1 a6 61. Bd3 Nc6 62. Ra1 N6e7 63. Rf1 Rxf1 64. Bxf1 Nc6 65.
Bxa6 Nxa5 66. Bf8 g6 67. Bd3 Ne7 68. Kf3 Nac6 69. Ke3 Kd7 70. Kf4 Ke6 71. Bg7
Kf7 72. Bh8 Kg8 73. Bf6 Kf7 74. Kg5 Nb4 75. Bb1 Nbc6 76. Bc2 Nb4 77. Bb3 Nf5
78. Be5 Ne7 79. Bh8 Nf5 80. Be5 Ne7 81. Bd6 Nbc6 82. Bc5 Ke6 83. Bc2 Kf7 84.
Ba4 Kg7 85. Bxe7 Nxe7 86. Be8 Nf5 87. Bxg6 Nxd4 88. Bxh5 Nb5 89. Kf4 Nc3 90.
Bf3 d4 91. g4 Na4 92. Ke4 Nc5+ 93. Kxd4 Nd7 94. Ke3 Ne5 95. g5 Kg6 96. Ke4 Nf7
97. Kf4 Kg7 98. Bd5 Nd6 99. Ke5 Ne8 100. Bc6 Nc7 101. h5 Na6 102. h6+ Kf7 103.
Bd5+ Kf8 104. g6 1-0

[Event "Lloyds Bank Masters 17th"]
[Site "London"]
[Date "1993.08.23"]
[Round "3"]
[White "Obukhov, Alexander"]
[Black "Rahal, Michael A"]
[Result "1/2-1/2"]
[WhiteElo "2490"]
[BlackElo "2310"]
[PlyCount "148"]
[EventDate "1993.08.21"]
[EventType "swiss"]
[EventRounds "10"]
[EventCountry "ENG"]

1. c4 Nc6 2. Nc3 e5 3. g3 f5 4. Bg2 Nf6 5. d3 Be7 6. e3 O-O 7. Nge2 d6 8. O-O
Qe8 9. Rb1 Qh5 10. b4 Be6 11. Nd5 Bxd5 12. cxd5 Nd8 13. Bd2 Nf7 14. f4 Rae8 15.
e4 fxe4 16. dxe4 Bd8 17. Bf3 Qh3 18. Be3 Ng4 19. Bxg4 Qxg4 20. Nc3 Qxd1 21.
Rbxd1 exf4 22. gxf4 Bf6 23. Bd4 Bxd4+ 24. Rxd4 g5 25. f5 Ne5 26. Kg2 Rf6 27.
Nb5 Rf7 28. Nc3 g4 29. Rfd1 a6 30. b5 Nd7 31. bxa6 bxa6 32. Rc4 Nc5 33. Kg3 Kg7
34. Kxg4 Kf6 35. Kf3 Rg7 36. Ne2 Nd7 37. Rc2 Ne5+ 38. Kf4 Rg4+ 39. Ke3 Nd7 40.
Ng3 Nc5 41. Kf3 Rh4 42. Rd4 Ke5 43. Ke3 Rf8 44. Rf2 Rh3 45. f6 Rxf6 46. Rxf6
Kxf6 47. Rd2 h5 48. Kd4 Nd7 49. Rf2+ Kg5 50. Rf7 Ne5 51. Rxc7 Rxh2 52. Nf5 Rxa2
53. Nxd6 Nf3+ 54. Ke3 Ra3+ 55. Kf2 Ne5 56. Nf7+ Kf6 57. Nxe5 Kxe5 58. Re7+ Kd6
59. Re6+ Kd7 60. Rh6 a5 61. Ke2 a4 62. Ra6 Rb3 63. Rxa4 h4 64. e5 Rb5 65. Rd4
h3 66. Kf2 h2 67. Kg2 Rb2+ 68. Kh1 Re2 69. e6+ Kd6 70. Rd3 Ra2 71. Re3 Ra8 72.
Kxh2 Kxd5 73. Kg3 Re8 74. Kf4 Rxe6 1/2-1/2

[Event "Lloyds Bank Masters 17th"]
[Site "London"]
[Date "1993.08.23"]
[Round "3"]
[White "Hunt, Harriet"]
[Black "Sowray, Peter J"]
[Result "0-1"]
[WhiteElo "2135"]
[BlackElo "2330"]
[PlyCount "130"]
[EventDate "1993.08.21"]
[EventType "swiss"]
[EventRounds "10"]
[EventCountry "ENG"]

1. e4 c5 2. Nf3 d6 3. d4 Nf6 4. Nc3 cxd4 5. Nxd4 a6 6. f4 Qc7 7. Nf3 Nbd7 8. a4
g6 9. Bd3 Bg7 10. O-O b6 11. Qe1 Bb7 12. Kh1 Rc8 13. Bd2 Nc5 14. Ng5 h6 15. Nf3
Qc6 16. Nd4 Qd7 17. Nf3 Qc6 18. Nd4 Nxd3 19. cxd3 Qc5 20. Nf3 O-O 21. Rc1 Qh5
22. Qg3 b5 23. axb5 axb5 24. e5 Nd7 25. d4 b4 26. Ne2 b3 27. Bb4 Rc2 28. Rxc2
bxc2 29. Rc1 Qf5 30. Ne1 Rc8 31. Bc3 dxe5 32. dxe5 Qe4 33. Rxc2 Ra8 34. Nd4 Ra1
35. Re2 Qd5 36. h3 Nc5 37. b4 Ra3 38. bxc5 Qxd4 39. Bxd4 Rxg3 40. Kh2 Ra3 41.
Rb2 Be4 42. Rb6 Ra4 43. Bf2 g5 44. g3 e6 45. Be3 Ra1 46. Bf2 Bf8 47. Rb2 Bxc5
48. Bxc5 Rxe1 49. Bg1 Kg7 50. fxg5 hxg5 51. Rd2 g4 52. hxg4 Bd5 53. g5 Kg6 54.
Rf2 Be4 55. g4 Kxg5 56. Rxf7 Kxg4 57. Rg7+ Kf3 58. Rg2 Kf4 59. Bf2 Rf1 60. Bg3+
Kg4 61. Bf2+ Bxg2 62. Kxg2 Ra1 63. Bd4 Rd1 64. Bc5 Rd2+ 65. Kf1 Kf3 0-1

[Event "Lloyds Bank Masters 17th"]
[Site "London"]
[Date "1993.08.23"]
[Round "3"]
[White "Norwood, David"]
[Black "Basman, Michael John"]
[Result "1/2-1/2"]
[WhiteElo "2515"]
[BlackElo "2350"]
[PlyCount "127"]
[EventDate "1993.08.21"]
[EventType "swiss"]
[EventRounds "10"]
[EventCountry "ENG"]

1. d4 h6 2. e4 a6 3. f4 c5 4. d5 d6 5. c4 g5 6. fxg5 hxg5 7. Bxg5 Bg7 8. Nc3
Nd7 9. Nf3 Ngf6 10. e5 dxe5 11. Bd3 b5 12. O-O bxc4 13. Bxc4 e4 14. Nd2 Qb6 15.
Qe2 Qxb2 16. Rac1 Ng4 17. Qxg4 Bxc3 18. Qxe4 Nf6 19. Bxf6 Bxf6 20. Nf3 Rg8 21.
Rc2 Rg4 22. Qd3 Qb6 23. Re2 Qd6 24. Nd2 Bd4+ 25. Kh1 Rf4 26. Rfe1 Ra7 27. Ne4
Qg6 28. Qg3 Be5 29. Qxg6 fxg6 30. g3 Rg4 31. Bb3 Bf5 32. Nxc5 Bc3 33. Rc1 Bd4
34. Ne6 Kd7 35. Nxd4 Rxd4 36. Rce1 Kd6 37. Kg1 a5 38. a3 Rb7 39. Ba2 a4 40. Kg2
Rc7 41. h3 Rd3 42. g4 Bc8 43. Bb1 Rxa3 44. Bxg6 Rcc3 45. Bf5 Rg3+ 46. Kh2 Rxh3+
47. Kg2 Rag3+ 48. Kf2 Rf3+ 49. Kg2 Rhg3+ 50. Kh2 Bxf5 51. gxf5 Rg7 52. Re6+ Kd7
53. d6 exd6 54. Rd1 Rxf5 55. Rdxd6+ Kc7 56. Rc6+ Kb8 57. Rb6+ Rb7 58. Ra6 Rb4
59. Re8+ Kb7 60. Rea8 Rc5 61. R8a7+ Kc8 62. Ra8+ Kd7 63. R8a7+ Rc7 64. Rxa4
1/2-1/2

[Event "Lloyds Bank Masters 17th"]
[Site "London"]
[Date "1993.08.23"]
[Round "3"]
[White "Hassabis, Demis"]
[Black "Levitt, Jonathan"]
[Result "0-1"]
[WhiteElo "2260"]
[BlackElo "2455"]
[PlyCount "124"]
[EventDate "1993.08.21"]
[EventType "swiss"]
[EventRounds "10"]
[EventCountry "ENG"]

1. d4 Nf6 2. Nf3 e6 3. Bg5 h6 4. Bxf6 Qxf6 5. e4 d6 6. Nc3 Qe7 7. Be2 g6 8. O-O
Bg7 9. Re1 e5 10. Nd5 Qd8 11. dxe5 dxe5 12. Bc4 O-O 13. Qe2 Nd7 14. Rad1 c6 15.
Ne3 Qe7 16. c3 Nc5 17. Qc2 b5 18. Bf1 a5 19. b4 Ne6 20. a4 axb4 21. axb5 bxc3
22. bxc6 Qc5 23. Nd5 Ra3 24. Re3 Nd4 25. Rxc3 Rxc3 26. Qxc3 Qxc3 27. Nxc3 Nxc6
28. Nd5 Bg4 29. Be2 Rb8 30. h3 Bxf3 31. Bxf3 Nd4 32. Bg4 h5 33. Bc8 Bf8 34. Ba6
Kg7 35. Rc1 Bd6 36. Rc8 Rb1+ 37. Kh2 Rb2 38. Rd8 Bc5 39. Rc8 Ne6 40. Nc7 Bxf2
41. Nxe6+ fxe6 42. Rc1 Be3 43. Rd1 Bf4+ 44. Kh1 Kf6 45. Rg1 Rb3 46. Be2 Re3 47.
Bf3 Bg3 48. Rf1 Kg5 49. Kg1 Kh4 50. Bd1 Rxe4 51. Bc2 Rd4 52. Rd1 Kg5 53. Rxd4
exd4 54. Kf1 Kf4 55. Ke2 e5 56. Bxg6 e4 57. Bxh5 d3+ 58. Kd2 Ke5 59. Ke3 Bf4+
60. Kf2 e3+ 61. Ke1 Bg3+ 62. Kd1 Bf2 {(incorrectly recorded as 1-0 on Mega/Big
Database 2010)} 0-1

[Event "Lloyds Bank Masters 17th"]
[Site "London"]
[Date "1993.08.23"]
[Round "3"]
[White "Pert, Nicholas"]
[Black "Harley, Andrew D"]
[Result "1/2-1/2"]
[WhiteElo "2065"]
[BlackElo "2315"]
[PlyCount "116"]
[EventDate "1993.08.21"]
[EventType "swiss"]
[EventRounds "10"]
[EventCountry "ENG"]

1. d4 e6 2. Nf3 Nf6 3. Bg5 c5 4. e3 Nc6 5. c3 b6 6. Bd3 Be7 7. Nbd2 O-O 8. Qc2
h6 9. Bxf6 Bxf6 10. dxc5 bxc5 11. Ne4 Be7 12. Rd1 Qa5 13. h4 f5 14. Ng3 Qxa2
15. Qe2 Rb8 16. Rd2 Qa1+ 17. Qd1 Qxd1+ 18. Kxd1 d5 19. c4 d4 20. e4 f4 21. Ne2
e5 22. Nc1 Bd6 23. Be2 Na5 24. Kc2 Bb7 25. Bd3 Ba6 26. b3 Rb6 27. Re2 Rfb8 28.
Nd2 Nc6 29. Na2 Bc8 30. Ra1 a5 31. Nc1 Bd7 32. Kd1 Be7 33. h5 Bg4 34. f3 Bxh5
35. Nb1 Be8 36. Bc2 Ra8 37. Nd3 Bd6 38. Ke1 Nb4 39. Nxb4 Rxb4 40. Bd1 a4 41.
Rea2 Rab8 42. Nd2 axb3 43. Bxb3 Bf7 44. Ra8 Rxa8 45. Rxa8+ Rb8 46. Ra6 Be7 47.
Kd1 Kf8 48. Kc2 Ke8 49. Ba4+ Kd8 50. Bb5 Be8 51. Bxe8 Kxe8 52. Re6 Kd7 53. Rxe5
Rb6 54. Nb3 Rg6 55. Nxc5+ Bxc5 56. Rxc5 Rxg2+ 57. Kd3 g5 58. Rd5+ Ke7 1/2-1/2

[Event "Lloyds Bank Masters 17th"]
[Site "London"]
[Date "1993.08.23"]
[Round "3"]
[White "Franklin, Michael J"]
[Black "Thipsay, Praveen Mahadeo"]
[Result "1/2-1/2"]
[WhiteElo "2275"]
[BlackElo "2465"]
[PlyCount "111"]
[EventDate "1993.08.21"]
[EventType "swiss"]
[EventRounds "10"]
[EventCountry "ENG"]

1. d4 Nf6 2. Nf3 g6 3. Bf4 Bg7 4. e3 d6 5. Nbd2 O-O 6. Bc4 Nfd7 7. c3 e5 8.
dxe5 dxe5 9. Bg3 Qe7 10. e4 Nb6 11. Bb3 N8d7 12. O-O Nc5 13. Bc2 a5 14. Qe2 f6
15. Rfd1 Be6 16. b3 Bh6 17. Ne1 Rfd8 18. f3 Bf7 19. Bf2 Ne6 20. g3 Ng5 21. Be3
Nh3+ 22. Kg2 Bxe3 23. Qxe3 Be6 24. Nd3 Nd7 25. Nf1 Ng5 26. h4 Nf7 27. Qf2 Nd6
28. Ne3 c6 29. Nb2 Nb5 30. Qe1 Na3 31. Bd3 b5 32. c4 Nc5 33. Bf1 b4 34. Rxd8+
Rxd8 35. Rd1 Rd4 36. Nd3 Nxd3 37. Rxd3 Qd6 38. Qd1 a4 39. Be2 axb3 40. axb3 Kg7
41. Nf1 f5 42. Rxd4 exd4 43. Bd3 fxe4 44. fxe4 c5 45. Nh2 Qd7 46. Qd2 Qa7 47.
Qf4 Nxc4 48. bxc4 Qa2+ 49. Kg1 Bxc4 50. Qe5+ Kg8 51. Qe8+ Kg7 52. Qe5+ Kf7 53.
Qc7+ Kg8 54. Ng4 Bxd3 55. Nf6+ Kf8 56. Nxh7+ 1/2-1/2

[Event "Lloyds Bank Masters 17th"]
[Site "London"]
[Date "1993.08.23"]
[Round "3"]
[White "Babar, Michael"]
[Black "Mah, Karl"]
[Result "1/2-1/2"]
[WhiteElo "2310"]
[BlackElo "2115"]
[PlyCount "110"]
[EventDate "1993.08.21"]
[EventType "swiss"]
[EventRounds "10"]
[EventCountry "ENG"]

1. e4 e6 2. d4 d5 3. Nc3 Bb4 4. e5 c5 5. a3 Bxc3+ 6. bxc3 Ne7 7. Bd3 Bd7 8. Qg4
c4 9. Be2 Nf5 10. Nf3 Ba4 11. Ra2 Nc6 12. O-O Qd7 13. Nh4 Nxh4 14. Qxh4 Ne7 15.
f4 O-O-O 16. Rb2 Nf5 17. Qf2 h5 18. Be3 Qe7 19. Ra2 Rd7 20. Rb1 Rc7 21. Rb4 b5
22. Bd2 g6 23. Bf1 Kb7 24. g3 Rcc8 25. Qe1 a5 26. Rb1 Ka6 27. Qf2 Rb8 28. Qf3
Rbc8 29. Bc1 Rc7 30. Bd2 Rcc8 31. Be2 Rh7 32. Qg2 Rhh8 33. Kh1 Rh7 34. Kg1 Rhh8
35. Kf2 Rc7 36. Qh3 Rcc8 37. Rg1 Rcg8 38. Ke1 Rc8 39. Kd1 Kb6 40. Ke1 Ka6 41.
Qf1 Rb8 42. Qf3 Rbc8 43. Kf1 Rb8 44. Be1 Rh7 45. Bf2 Rg8 46. Be3 Rb8 47. Ke1
Rhh8 48. Bf1 Rbg8 49. Kd2 Rc8 50. Ra1 Rb8 51. Bh3 Rbg8 52. Bg2 Rb8 53. Bf2 Rbc8
54. Rh1 Rh7 55. h3 Rch8 1/2-1/2

[Event "Lloyds Bank Masters 17th"]
[Site "London"]
[Date "1993.08.23"]
[Round "3"]
[White "Poulton, James"]
[Black "Barua, Dibyendu"]
[Result "1/2-1/2"]
[WhiteElo "2300"]
[BlackElo "2510"]
[PlyCount "94"]
[EventDate "1993.08.21"]
[EventType "swiss"]
[EventRounds "10"]
[EventCountry "ENG"]

1. e4 e5 2. Nf3 d6 3. d4 exd4 4. Nxd4 Nf6 5. Nc3 Be7 6. Be2 Nc6 7. O-O O-O 8.
f4 Nxd4 9. Qxd4 c6 10. Be3 Re8 11. Rad1 Bg4 12. Qd3 Bxe2 13. Qxe2 Qa5 14. a3 d5
15. e5 Bc5 16. Kh1 Bxe3 17. Qxe3 Rad8 18. Qh3 Ne4 19. Nxe4 dxe4 20. Qe3 Rxd1
21. Rxd1 Rd8 22. Re1 Qd2 23. h3 Qxc2 24. Qxe4 Qxe4 25. Rxe4 Rd2 26. Rb4 b5 27.
Rb3 Rc2 28. Rd3 Kf8 29. b4 Ke7 30. Kh2 f6 31. exf6+ gxf6 32. Kg3 c5 33. bxc5
Rxc5 34. Kf3 a5 35. Ke4 Ke6 36. g4 Rc4+ 37. Ke3 b4 38. axb4 axb4 39. h4 Rc1 40.
Rd8 b3 41. Rb8 Rb1 42. Ke4 Re1+ 43. Kd4 Rd1+ 44. Ke4 Re1+ 45. Kd4 Rg1 46. Rb6+
Kf7 47. g5 fxg5 1/2-1/2

[Event "Lloyds Bank Masters 17th"]
[Site "London"]
[Date "1993.08.23"]
[Round "3"]
[White "Gretarsson, Helgi Ass"]
[Black "Watson, William N"]
[Result "1/2-1/2"]
[WhiteElo "2365"]
[BlackElo "2550"]
[PlyCount "91"]
[EventDate "1993.08.21"]
[EventType "swiss"]
[EventRounds "10"]
[EventCountry "ENG"]

1. d4 Nf6 2. c4 g6 3. Nc3 Bg7 4. e4 d6 5. f4 O-O 6. Nf3 Na6 7. Bd3 Bg4 8. O-O
e5 9. fxe5 Nd7 10. h3 Bxf3 11. Qxf3 c5 12. Nd5 dxe5 13. dxc5 Naxc5 14. Bd2 Ne6
15. Bb4 Ndc5 16. Kh1 b6 17. Rf2 Qh4 18. Bxc5 bxc5 19. Raf1 Rad8 20. g3 Qh6 21.
h4 Nd4 22. Qg4 f6 23. Kg2 Rf7 24. Rh1 Rdf8 25. h5 Qg5 26. Qh3 Rd8 27. hxg6 hxg6
28. b4 f5 29. bxc5 f4 30. Qh4 f3+ 31. Kh3 Qxh4+ 32. Kxh4 Bh6 33. Kg4 Bg7 34. c6
Nxc6 35. Rxf3 Rxf3 36. Kxf3 Nd4+ 37. Kg4 Bf8 38. Rb1 Bc5 39. Rb7 Rd6 40. Ne7+
Kf8 41. Nd5 Kg8 42. Kg5 Nf3+ 43. Kg4 Nh2+ 44. Kh3 Nf3 45. Kg4 Nd4 46. Kg5
1/2-1/2

[Event "Lloyds Bank Masters 17th"]
[Site "London"]
[Date "1993.08.23"]
[Round "3"]
[White "Flear, Glenn C"]
[Black "Wood, David A"]
[Result "1/2-1/2"]
[WhiteElo "2500"]
[BlackElo "2270"]
[PlyCount "90"]
[EventDate "1993.08.21"]
[EventType "swiss"]
[EventRounds "10"]
[EventCountry "ENG"]

1. d4 Nf6 2. c4 g6 3. Nc3 Bg7 4. e4 d6 5. Nf3 O-O 6. h3 Na6 7. Bg5 Qe8 8. g4 c5
9. d5 e6 10. dxe6 Qxe6 11. Qe2 Re8 12. O-O-O Nxe4 13. Nxe4 Qxe4 14. Qxe4 Rxe4
15. Rxd6 Re8 16. Bg2 Bf8 17. Rd2 Nb4 18. Re1 Be6 19. b3 Bg7 20. Re3 Nc6 21. Ne1
Bd4 22. Ree2 Rac8 23. Nc2 Bg7 24. Rd6 Bf8 25. Rdd2 Bg7 26. Bxc6 Rxc6 27. Ne3 h6
28. Bh4 g5 29. Bg3 a6 30. Nd5 b5 31. Nc7 Re7 32. Nxe6 Rcxe6 33. Rxe6 Rxe6 34.
Rd6 Re4 35. Rxa6 bxc4 36. Ra8+ Kh7 37. bxc4 Rxc4+ 38. Kd2 Rd4+ 39. Kc2 Rc4+ 40.
Kd3 Rc1 41. Ra4 Rc3+ 42. Ke4 Rc2 43. Kd3 Rc3+ 44. Ke4 Rc2 45. Kd3 Rc3+ 1/2-1/2

[Event "Lloyds Bank Masters 17th"]
[Site "London"]
[Date "1993.08.23"]
[Round "3"]
[White "Spice, Alan"]
[Black "Gullaksen, Eirik T"]
[Result "0-1"]
[WhiteElo "2200"]
[BlackElo "2390"]
[PlyCount "90"]
[EventDate "1993.08.21"]
[EventType "swiss"]
[EventRounds "10"]
[EventCountry "ENG"]

1. e4 c5 2. Nf3 Nc6 3. d4 cxd4 4. Nxd4 e5 5. Nb5 d6 6. c4 Be7 7. N1c3 a6 8. Na3
Be6 9. Bd3 Rc8 10. O-O Bg5 11. Nc2 h6 12. Ne3 Nge7 13. g3 Bh3 14. Re1 Nd4 15.
b3 Qa5 16. Bb2 h5 17. Ncd5 Qxe1+ 18. Qxe1 Nf3+ 19. Kh1 Nxe1 20. Rxe1 Bxe3 21.
Nxe3 O-O 22. Be2 g6 23. Rd1 Rcd8 24. Ba3 Nc8 25. f4 Rfe8 26. Nd5 Kg7 27. Bf3 f6
28. Kg1 Rf8 29. Bb2 Rfe8 30. Kf2 Na7 31. Nc7 Re7 32. Nd5 Rf7 33. Ne3 Nc6 34. f5
Rfd7 35. Bg2 Bxg2 36. Kxg2 Ne7 37. Rf1 gxf5 38. Nxf5+ Nxf5 39. Rxf5 Kg6 40. h3
b5 41. g4 hxg4 42. hxg4 bxc4 43. bxc4 Rc8 44. g5 Rxc4 45. Kf3 fxg5 0-1

[Event "Lloyds Bank Masters 17th"]
[Site "London"]
[Date "1993.08.23"]
[Round "3"]
[White "Lyell, Mark"]
[Black "Houska, Jovanka"]
[Result "1-0"]
[WhiteElo "2235"]
[BlackElo "1872"]
[PlyCount "87"]
[EventDate "1993.08.21"]
[EventType "swiss"]
[EventRounds "10"]
[EventCountry "ENG"]

1. e4 d5 2. exd5 Nf6 3. d4 Nxd5 4. c4 Nf6 5. Nf3 c6 6. Be2 Bf5 7. O-O e6 8. Nc3
Nbd7 9. d5 cxd5 10. cxd5 Bb4 11. Nd4 Bxc3 12. bxc3 O-O 13. g4 Nxd5 14. gxf5
exf5 15. Bc4 Nxc3 16. Qf3 Ne5 17. Qxc3 Qxd4 18. Qxd4 Nf3+ 19. Kg2 Nxd4 20. Rd1
Nc6 21. Rb1 b6 22. Bd5 Rac8 23. Ba3 Rfe8 24. Rbc1 Ne5 25. Bd6 Ng4 26. Rxc8 Rxc8
27. Re1 Nf6 28. Bb3 Rd8 29. Be7 Rd7 30. Bxf6 gxf6 31. Rd1 Rxd1 32. Bxd1 Kf8 33.
Kf3 Ke7 34. Kf4 a5 35. Kxf5 b5 36. Be2 b4 37. Bc4 a4 38. f4 h6 39. h3 h5 40. h4
a3 41. Bb3 Ke8 42. Kxf6 Kf8 43. Bxf7 b3 44. Bxb3 1-0

[Event "Lloyds Bank Masters 17th"]
[Site "London"]
[Date "1993.08.23"]
[Round "3"]
[White "Reilly, Tim"]
[Black "Hunt, Adam"]
[Result "1-0"]
[WhiteElo "2315"]
[BlackElo "2155"]
[PlyCount "87"]
[EventDate "1993.08.21"]
[EventType "swiss"]
[EventRounds "10"]
[EventCountry "ENG"]

1. d4 Nf6 2. c4 g6 3. Nc3 Bg7 4. e4 d6 5. f3 O-O 6. Be3 a6 7. Nge2 Nbd7 8. Qd2
c6 9. h4 b5 10. h5 Nxh5 11. g4 Nhf6 12. Bh6 Bh8 13. Bxf8 Nxf8 14. O-O-O Qa5 15.
Ng3 b4 16. Nb1 Qxa2 17. Qxb4 c5 18. dxc5 dxc5 19. Qa3 Qxa3 20. bxa3 Ne6 21. Ne2
Nd7 22. Nbc3 Ne5 23. Nd5 Nxc4 24. Nxe7+ Kf8 25. Nxc8 Rxc8 26. Nf4 Ne3 27. Nxe6+
fxe6 28. Rd7 Rb8 29. Bxa6 Bb2+ 30. Kd2 Bd4 31. Rb7 Ra8 32. Rhxh7 Kg8 33. Rhe7
e5 34. Bb5 Kf8 35. Rh7 Kg8 36. Rbg7+ Kf8 37. Rh8+ Kxg7 38. Rxa8 c4 39. a4 c3+
40. Kc1 Ng2 41. a5 Ne1 42. Ba4 Nd3+ 43. Kb1 Nc5 44. Bc2 1-0

[Event "Lloyds Bank Masters 17th"]
[Site "London"]
[Date "1993.08.23"]
[Round "3"]
[White "Naumkin, Igor"]
[Black "Griffiths, Paul V"]
[Result "0-1"]
[WhiteElo "2450"]
[BlackElo "2240"]
[PlyCount "86"]
[EventDate "1993.08.21"]
[EventType "swiss"]
[EventRounds "10"]
[EventCountry "ENG"]

1. d4 Nf6 2. c4 e6 3. Nf3 b6 4. g3 Bb7 5. Bg2 c5 6. d5 exd5 7. Nh4 g6 8. O-O
Bg7 9. Nc3 O-O 10. cxd5 d6 11. Nf3 a6 12. a4 Re8 13. Re1 Ne4 14. Nxe4 Rxe4 15.
Bg5 Qd7 16. Nd2 Re8 17. Ne4 b5 18. b3 Rxe4 19. Bxe4 Qe8 20. Bf3 Bxa1 21. Qxa1
Nd7 22. Bh6 Qe5 23. Bf4 Qe7 24. h4 b4 25. Rd1 f6 26. Bg4 f5 27. Bf3 Ne5 28. Bg2
Re8 29. Bg5 Qf7 30. Qb2 a5 31. Bc1 Ba6 32. Qc2 Ng4 33. e3 g5 34. Re1 gxh4 35.
f3 Ne5 36. gxh4 Qg6 37. Kh2 Qh5 38. Rg1 Kf7 39. Qf2 Nd3 40. Qg3 f4 41. Qg4 Qxg4
42. fxg4 fxe3 43. Rf1+ Kg8 0-1

[Event "Lloyds Bank Masters 17th"]
[Site "London"]
[Date "1993.08.23"]
[Round "3"]
[White "Budnikov, Alexandar"]
[Black "Anderton, Matthew"]
[Result "1-0"]
[WhiteElo "2535"]
[BlackElo "2155"]
[PlyCount "83"]
[EventDate "1993.08.21"]
[EventType "swiss"]
[EventRounds "10"]
[EventCountry "ENG"]

1. d4 Nf6 2. c4 e6 3. g3 c5 4. d5 exd5 5. cxd5 d6 6. Bg2 g6 7. Nc3 Bg7 8. Nf3
O-O 9. O-O Re8 10. Bf4 h6 11. Re1 Bf5 12. Qb3 Na6 13. Nh4 Bc8 14. Bd2 Ng4 15.
Nf3 b5 16. Nxb5 Rb8 17. a4 Nc7 18. Ba5 Re7 19. Qc4 a6 20. Nxc7 Rxc7 21. Rab1
Qe7 22. Bxc7 Rb4 23. Bxd6 Qxd6 24. Qc2 Bd7 25. b3 c4 26. bxc4 Qc5 27. Rf1 Bf5
28. e4 Rxc4 29. Qxc4 Qxc4 30. exf5 Qxa4 31. fxg6 fxg6 32. d6 Qd7 33. Rfd1 a5
34. h3 a4 35. hxg4 a3 36. Rb8+ Kh7 37. Ra8 Bb2 38. g5 Qb7 39. d7 Qxa8 40. d8=Q
Qxd8 41. Rxd8 a2 42. Ra8 1-0

[Event "Lloyds Bank Masters 17th"]
[Site "London"]
[Date "1993.08.23"]
[Round "3"]
[White "Marusenko, Petr"]
[Black "Gavriel, Tryfon"]
[Result "0-1"]
[WhiteElo "2370"]
[BlackElo "2190"]
[PlyCount "84"]
[EventDate "1993.08.21"]
[EventType "swiss"]
[EventRounds "10"]
[EventCountry "ENG"]

1. e4 c5 2. Nf3 Nc6 3. d4 cxd4 4. Nxd4 e5 5. Nb5 Nf6 6. N1c3 d6 7. Bg5 a6 8.
Na3 b5 9. Bxf6 gxf6 10. Nd5 Bg7 11. c3 O-O 12. Nc2 f5 13. exf5 Bxf5 14. Nce3
Be6 15. g3 f5 16. Bg2 f4 17. Nc2 Ra7 18. a4 bxa4 19. Qd3 e4 20. Bxe4 Ne5 21.
Qd2 Bf5 22. Qe2 Bxe4 23. Qxe4 fxg3 24. hxg3 Nf3+ 25. Kd1 Ng5 26. Qe3 Rb7 27.
Ncb4 Rf5 28. f4 Qa8 29. Rh2 a5 30. Qd3 Rbf7 31. Rxa4 Qa7 32. Re2 Nh3 33. Kc2
Qc5 34. Ne7+ Rxe7 35. Rxe7 axb4 36. Rxb4 Nf2 37. Qf3 Rf8 38. Rbb7 Bf6 39. Rxh7
Qf5+ 40. Kb3 Ne4 41. Ka2 Qd5+ 42. Ka1 Qa5+ 0-1